000 00943nam a2200241Ia 4500
003 OSt
005 20220923221711.0
006 a|||||r|||| 00| 0
007 ta
008 220922b |||||||| |||| 00| 0 hin d
024 _a199,448
037 _cTextual
040 _aARTS
_cARTS
_bhin
041 _2hin
_ahin
082 _aQ1:g, 152k5
100 _aभट्टाचार्य, रामशंकर
245 0 _aपुराणगत वेदविषयक सामग्री का समीक्षात्मक अध्ययन प्रयाग हिन्दी साहित्य सम्मेलन
246 _aPurāṇagat vedaviṣhayak sāmagrī kā samīkṣhātmak adhyayan prayāg hindī sāhitya sammelana
260 _c1965
300 _a476पृ.
_ccm.
942 _hQ1:g, 152k5
_cTEXL
_2CC
999 _c351188
_d351188